00774nam a22002537a 4500003000400000005001700004008004100021010001300062020002300075035002300098037001600121040001500137082001600152100002000168245007900188250001100267260004500278270004600323300002500369500006100394650002400455650002000479700002100499dpl20180827145059.0180827b xxu||||| |||| 00| 0 eng d aA-950885 a8120314654c295.00 aA-950885, B-950889 bCen Lib/Ret aDPLbENc0 a005.74bHAN aHansen, Gary W. aDatabase management and design /cby Gary W. Hansen [and] James V. Hansen  a2nd ed aNew DelhibPrentice hall of India c1996 aM-97, Connaught circusbNew Delhie110007 axxvi,582p.c22cm(Hb) aIncludes glossary, bibliographical references and index  aDatabase management aDatabase design aHansen, James V.